[Event "North American-ch U21 Girls"]
[Site "Charlotte"]
[Date "2021.12.23"]
[Round "8"]
[White "Vittal, Sanjana"]
[Black "Demchenko, Svitlana"]
[Result "0-1"]
[WhiteElo "1928"]
[BlackElo "2224"]
[PlyCount "126"]
[EventDate "2021.12.19"]
[EventType "swiss"]
[EventRounds "9"]
[EventCountry "USA"]
[SourceTitle "CBM 205 Extra"]
[Source "ChessBase"]
[SourceDate "2022.01.31"]
[SourceVersion "1"]
[SourceVersionDate "2022.01.31"]
[SourceQuality "1"]

1. e4 d5 2. exd5 Qxd5 3. Nc3 Qd8 4. d4 Nf6 5. Bc4 g6 6. Nf3 Bg7 7. h3 a6 8. a4 Nc6 9. Be3 0-0 10. 0-0 e6 11. Qd2 Ne7 12. Bg5 Nf5 13. g4 Nd6 14. Bd3 b6 15. Qf4 Bb7 16. Nd2 Rc8 17. Be4 h6 18. Bxf6 Qxf6 19. Qxf6 Bxf6 20. Bxb7 Nxb7 21. Ne2 c5 22. dxc5 Nxc5 23. c3 Rfd8 24. Rfd1 Rc7 25. b4 Rxd2 26. Rxd2 Nb3 27. Rad1 Nxd2 28. Rxd2 Bxc3 29. Rd6 Bxb4 30. Rxb6 a5 31. Nd4 Rc1+ 32. Kg2 Ra1 33. Nc2 Rxa4 34. Nxb4 Rxb4 35. Ra6 a4 36. f3 Kg7 37. Kg3 Kf6 38. Ra5 g5 39. h4 Kg6 40. hxg5 hxg5 41. Ra6 Rc4 42. Ra5 f5 43. gxf5+ exf5 44. Ra8 Kf6 45. Ra5 Kg6 46. Ra8 g4 47. fxg4 Rxg4+ 48. Kf3 Rb4 49. Rg8+ Kf6 50. Ra8 Ke6 51. Ra5 Rb3+ 52. Kf4 Rb4+ 53. Kf3 Kf6 54. Ra8 Ke5 55. Ra5+ Kd4 56. Rxf5 a3 57. Ke2 a2 58. Ra5 Rb2+ 59. Kf3 Kd3 60. Ra8 Kc2 61. Ke2 Kb1+ 62. Kd1 a1Q 63. Ra5 Rd2+ 0-1

[Event "North American-ch U21 Girls"]
[Site "Charlotte"]
[Date "2021.12.20"]
[Round "3"]
[White "Vittal, Sanjana"]
[Black "Tang, Zoey"]
[Result "1/2-1/2"]
[WhiteElo "1928"]
[BlackElo "2045"]
[PlyCount "85"]
[EventDate "2021.12.19"]
[EventType "swiss"]
[EventRounds "9"]
[EventCountry "USA"]
[SourceTitle "CBM 205 Extra"]
[Source "ChessBase"]
[SourceDate "2022.01.31"]
[SourceVersion "1"]
[SourceVersionDate "2022.01.31"]
[SourceQuality "1"]

1. e4 c5 2. Nc3 Nc6 3. Bb5 Nd4 4. Bc4 e6 5. Nge2 a6 6. d3 Ne7 7. 0-0 g6 8. e5 Bg7 9. f4 d5 10. Bb3 Nec6 11. Nxd4 Nxd4 12. Ne2 Nxe2+ 13. Qxe2 b5 14. c3 0-0 15. d4 cxd4 16. cxd4 a5 17. Bc2 Ba6 18. Bd3 Qb6 19. Be3 b4 20. Bxa6 Rxa6 21. Rac1 Raa8 22. Rc5 Rfc8 23. Rfc1 Rxc5 24. Rxc5 Bf8 25. Rc1 a4 26. Qd1 Qb5 27. Qf1 Qd7 28. Qd1 Rb8 29. Qd3 b3 30. a3 Rc8 31. Kf2 Rxc1 32. Bxc1 Qc6 33. Bd2 Be7 34. Bc3 h5 35. g3 Kf8 36. Ke3 Ke8 37. Kd2 Qb6 38. h3 Kf8 39. g4 hxg4 40. hxg4 Kg8 41. g5 Qb7 42. Kc1 Qc6 43. Kd2 1/2-1/2

[Event "Titled Tuesday intern op 30th June"]
[Site "Chess.com INT"]
[Date "2020.06.30"]
[Round "1"]
[White "Vittal, Sanjana"]
[Black "Kim, Sergey2222"]
[Result "1-0"]
[WhiteElo "1961"]
[BlackElo "2295"]
[PlyCount "47"]
[EventDate "2020.06.30"]
[EventType "swiss (blitz)"]
[EventRounds "10"]
[EventCountry "USA"]
[SourceTitle "CBM 197 Extra"]
[Source "ChessBase"]
[SourceDate "2020.09.30"]
[SourceVersion "1"]
[SourceVersionDate "2020.09.30"]
[SourceQuality "1"]

1. e4 e5 2. Bc4 Nf6 3. Nc3 Bc5 4. d3 d6 5. f4 Nc6 6. Nf3 Bg4 7. Na4 Bb6 8. Nxb6 axb6 9. 0-0 0-0 10. h3 Bxf3 11. Qxf3 Nd4 12. Qf2 b5 13. Bb3 Nxb3 14. cxb3 Nd7 15. f5 c6 16. Qg3 Kh8 17. Be3 b4 18. Qf3 c5 19. g4 Ra6 20. g5 Nb8 21. Kh2 Nc6 22. Qh5 g6 23. Qh6 Nd4 24. fxg6 1-0

[Event "Titled Tuesday intern op 30th June"]
[Site "Chess.com INT"]
[Date "2020.06.30"]
[Round "6"]
[White "Vittal, Sanjana"]
[Black "Tanaka, Taira Tyler"]
[Result "0-1"]
[WhiteElo "1961"]
[BlackElo "2106"]
[PlyCount "62"]
[EventDate "2020.06.30"]
[EventType "swiss (blitz)"]
[EventRounds "10"]
[EventCountry "USA"]
[SourceTitle "CBM 197 Extra"]
[Source "ChessBase"]
[SourceDate "2020.09.30"]
[SourceVersion "1"]
[SourceVersionDate "2020.09.30"]
[SourceQuality "1"]

1. e4 c6 2. Nc3 d5 3. Nf3 Bg4 4. h3 Bxf3 5. Qxf3 e6 6. Be2 Nf6 7. d3 Bb4 8. Bd2 0-0 9. g4 d4 10. Nb1 Bxd2+ 11. Nxd2 e5 12. 0-0-0 a5 13. g5 Nfd7 14. h4 a4 15. h5 a3 16. b3 Qa5 17. Nb1 Na6 18. Qh3 Nb4 19. Rd2 Nxa2+ 20. Kd1 Nc3+ 21. Ke1 Nxb1 22. Qxd7 Qxd2+ 23. Kf1 a2 24. h6 a1Q 25. hxg7 Nc3+ 26. Kg2 Qxg5+ 27. Bg4 Qxh1+ 28. Kxh1 Ra1+ 29. Kg2 Qxg7 30. b4 h5 31. b5 Qxg4+ 0-1

[Event "Speed Chess (Women) Q2"]
[Site "Chess.com INT"]
[Date "2020.06.19"]
[Round "8"]
[White "Mkrtchian, Lilit"]
[Black "Vittal, Sanjana"]
[Result "1-0"]
[WhiteElo "2388"]
[BlackElo "1961"]
[PlyCount "131"]
[EventDate "2020.06.19"]
[EventType "swiss (blitz)"]
[EventRounds "13"]
[EventCountry "USA"]
[SourceTitle "CBM 196 Extra"]
[Source "ChessBase"]
[SourceDate "2020.07.31"]
[SourceVersion "1"]
[SourceVersionDate "2020.07.31"]
[SourceQuality "1"]

1. d4 d5 2. c4 e6 3. Nc3 Bb4 4. a3 Bxc3+ 5. bxc3 Ne7 6. e3 0-0 7. Bd3 dxc4 8. Bxc4 c5 9. Ne2 Nbc6 10. 0-0 Qc7 11. Bd3 e5 12. Bb2 Bf5 13. e4 Bg4 14. f3 Bc8 15. d5 Nb8 16. c4 Nd7 17. Qc2 f6 18. Rae1 g5 19. Ng3 Rd8 20. a4 Nf8 21. Nh5 Kf7 22. Qf2 Kg6 23. g4 Qd6 24. h4 h6 25. Kg2 Kf7 26. Rh1 Nfg6 27. hxg5 fxg5 28. Qd2 Bd7 29. a5 Rf8 30. Bc2 Ke8 31. Qd1 Nh4+ 32. Rxh4 gxh4 33. Ba4 Ng6 34. Bxd7+ Qxd7 35. Rh1 Kd8 36. Qd2 Qf7 37. Rh3 Qh7 38. Ba3 b6 39. Qb2 Kc7 40. Qb5 Qf7 41. Qc6+ Kb8 42. axb6 axb6 43. Qxb6+ Qb7 44. Qxc5 Rc8 45. Qd6+ Qc7 46. Rh1 Qxd6 47. Bxd6+ Kb7 48. Rb1+ Ka6 49. c5 Nf4+ 50. Nxf4 exf4 51. c6 Rd8 52. Bxf4 Rf8 53. Be3 Rfb8 54. Ra1+ Kb5 55. Rb1+ Kc4 56. Rxb8 Rxb8 57. c7 Rc8 58. d6 Kd3 59. d7 Rxc7 60. d8Q+ Kxe3 61. Qxc7 h3+ 62. Kxh3 h5 63. Qd6 Kf2 64. gxh5 Kg1 65. h6 Kf2 66. h7 1-0

[Event "Speed Chess (Women) Q2"]
[Site "Chess.com INT"]
[Date "2020.06.19"]
[Round "11"]
[White "Vittal, Sanjana"]
[Black "Eswaran, Aksithi"]
[Result "0-1"]
[WhiteElo "1961"]
[BlackElo "1745"]
[PlyCount "122"]
[EventDate "2020.06.19"]
[EventType "swiss (blitz)"]
[EventRounds "13"]
[EventCountry "USA"]
[SourceTitle "CBM 196 Extra"]
[Source "ChessBase"]
[SourceDate "2020.07.31"]
[SourceVersion "1"]
[SourceVersionDate "2020.07.31"]
[SourceQuality "1"]

1. e4 c5 2. Nc3 Nc6 3. Bb5 g6 4. Bxc6 dxc6 5. d3 Bg7 6. f4 Nf6 7. Nf3 0-0 8. 0-0 Bd7 9. Qe1 Qc7 10. Kh1 Rad8 11. Be3 b6 12. a4 Ng4 13. Bd2 Be6 14. h3 Nf6 15. Ng5 Bc8 16. Be3 h6 17. Nf3 Nh5 18. g3 Bxh3 19. Rg1 Bg4 20. Qf2 Nf6 21. a5 Be6 22. Nh2 Ng4 23. Nxg4 Bxg4 24. e5 Qd7 25. Ne4 Qf5 26. Rg2 c4 27. axb6 cxd3 28. cxd3 axb6 29. Bxb6 Rxd3 30. Nc5 Rf3 31. Qg1 Bh3 32. Rh2 Bg4 33. b4 Rb8 34. Ba5 Rc3 35. Rf1 Bf3+ 36. Rxf3 Rxf3 37. Qg2 Qb1+ 38. Qg1 Rf1 39. Rg2 Rxg1+ 40. Rxg1 Qc2 41. Nd7 Rb5 42. Nb6 Qf5 43. Kg2 Qc2+ 44. Kh1 Qe4+ 45. Rg2 Qe1+ 46. Kh2 Qe4 47. Kh1 Qf5 48. Kh2 Qg4 49. Rf2 Qh5+ 50. Kg2 g5 51. Rd2 gxf4 52. gxf4 Qg4+ 53. Kh1 Qxf4 54. Nd7 Kh7 55. e6 Qxd2 56. exf7 Qe1+ 57. Kg2 Qe4+ 58. Kg3 Qf5 59. Kh4 Bf8 60. Nxf8+ Kg7 61. Ne6+ Qxe6 0-1

[Event "Speed Chess (Women) Q2"]
[Site "Chess.com INT"]
[Date "2020.06.19"]
[Round "7"]
[White "Vittal, Sanjana"]
[Black "Rivera, Ingris"]
[Result "1-0"]
[WhiteElo "1961"]
[BlackElo "2249"]
[PlyCount "107"]
[EventDate "2020.06.19"]
[EventType "swiss (blitz)"]
[EventRounds "13"]
[EventCountry "USA"]
[SourceTitle "CBM 196 Extra"]
[Source "ChessBase"]
[SourceDate "2020.07.31"]
[SourceVersion "1"]
[SourceVersionDate "2020.07.31"]
[SourceQuality "1"]

1. e4 c5 2. Nc3 Nc6 3. Bb5 Nd4 4. Nf3 a6 5. Bd3 d6 6. 0-0 Bg4 7. Be2 Nxe2+ 8. Qxe2 e5 9. d3 h6 10. h3 Be6 11. Nd2 Ne7 12. f4 exf4 13. Rxf4 Ng6 14. Rf1 Be7 15. Nf3 0-0 16. e5 dxe5 17. Kh1 Bd6 18. Ne4 Rc8 19. b3 Bb8 20. Bb2 Qd7 21. Qe3 b6 22. a4 f5 23. Ned2 f4 24. Qe2 b5 25. Nxe5 Nxe5 26. Bxe5 Bxe5 27. Qxe5 Bxh3 28. Rxf4 Rxf4 29. Qxf4 Rf8 30. Qg3 Be6 31. axb5 axb5 32. Ne4 c4 33. bxc4 bxc4 34. dxc4 Bxc4 35. Re1 Kh8 36. Nc5 Qc6 37. Qe5 Bg8 38. c3 Bd5 39. Ne4 Bxe4 40. Rxe4 Rf1+ 41. Kh2 Qg6 42. Qe8+ Qxe8 43. Rxe8+ Kh7 44. Rc8 Rc1 45. c4 h5 46. c5 g5 47. Kg3 Rc3+ 48. Kf2 g4 49. g3 Rc2+ 50. Ke3 Rc3+ 51. Kf4 Rf3+ 52. Kg5 Rxg3 53. Kxh5 Rc3 54. Kxg4 1-0

[Event "New York-Singapore Online"]
[Site "chess24.com INT"]
[Date "2020.05.31"]
[Round "1.28"]
[White "Vittal, Sanjana"]
[Black "Siew, Kai Xin"]
[Result "1-0"]
[WhiteElo "1961"]
[BlackElo "1692"]
[PlyCount "51"]
[EventDate "2020.05.31"]
[EventType "team-match (rapid)"]
[EventRounds "2"]
[EventCountry "USA"]
[SourceTitle "CBM 196 Extra"]
[Source "ChessBase"]
[SourceDate "2020.07.31"]
[SourceVersion "1"]
[SourceVersionDate "2020.07.31"]
[SourceQuality "1"]
[WhiteTeam "New York"]
[BlackTeam "Singapore"]
[WhiteTeamCountry "USA"]
[BlackTeamCountry "SIN"]

1. e4 c5 2. Nc3 Nc6 3. Bb5 g6 4. Bxc6 bxc6 5. d3 Bg7 6. f4 d5 7. Nf3 e6 8. 0-0 Ne7 9. Qe1 Ba6 10. Na4 c4 11. Nc5 Qb6 12. Be3 d4 13. Nxd4 Qxb2 14. Nxa6 Bxd4 15. Rb1 Bxe3+ 16. Qxe3 Qa3 17. Nc7+ Kd7 18. Nxa8 Rxa8 19. Rb7+ Ke8 20. Qd4 Rd8 21. Qh8+ Ng8 22. Qxg8+ Qf8 23. Qxf8+ Kxf8 24. Rxa7 cxd3 25. cxd3 Rxd3 26. a4 1-0

[Event "USA-ch U20 Girls"]
[Site "Saint Louis"]
[Date "2018.07.21"]
[Round "9"]
[White "Morris Suzuki, Sophie"]
[Black "Vittal, Sanjana"]
[Result "1-0"]
[WhiteElo "1980"]
[BlackElo "1947"]
[PlyCount "101"]
[EventDate "2018.07.12"]
[EventType "tourn"]
[EventRounds "9"]
[EventCountry "USA"]
[SourceTitle "CBM 185 Extra"]
[Source "ChessBase"]
[SourceDate "2018.07.29"]
[SourceVersion "1"]
[SourceVersionDate "2018.07.29"]
[SourceQuality "1"]

1. d4 d5 2. c4 e6 3. Nc3 Bb4 4. a3 Bxc3+ 5. bxc3 Nf6 6. e3 c6 7. Bd3 0-0 8. cxd5 exd5 9. f3 Re8 10. Ne2 b6 11. 0-0 Ba6 12. Ng3 c5 13. Ra2 Bxd3 14. Qxd3 Nc6 15. Re2 Qd7 16. Bb2 Rad8 17. Nf5 Ne7 18. Ng3 h5 19. e4 h4 20. Nh1 Ng6 21. Ree1 Nh5 22. Nf2 Nhf4 23. Qd2 Qc7 24. Ng4 c4 25. Nf2 Qe7 26. Nh3 Nxh3+ 27. gxh3 Qd7 28. Kg2 Qc6 29. e5 Qe6 30. Qg5 Qe7 31. Qg4 Qd7 32. f4 Qxg4+ 33. hxg4 f5 34. gxf5 Ne7 35. f6 gxf6 36. f5 Kf7 37. e6+ Kg7 38. a4 Rh8 39. Ba3 Rde8 40. Kh3 Rh5 41. Rg1+ Rg5 42. Bxe7 Rxe7 43. Kxh4 Rxg1 44. Rxg1+ Kf8 45. Rg6 Rh7+ 46. Kg4 Ke7 47. h4 a5 48. h5 b5 49. axb5 a4 50. h6 Kd6 51. Rg7 1-0

[Event "USA-ch U20 Girls"]
[Site "Saint Louis"]
[Date "2018.07.18"]
[Round "6"]
[White "Vittal, Sanjana"]
[Black "Nguyen, Emily"]
[Result "0-1"]
[WhiteElo "1947"]
[BlackElo "2215"]
[PlyCount "86"]
[EventDate "2018.07.12"]
[EventType "tourn"]
[EventRounds "9"]
[EventCountry "USA"]
[SourceTitle "CBM 185 Extra"]
[Source "ChessBase"]
[SourceDate "2018.07.29"]
[SourceVersion "1"]
[SourceVersionDate "2018.07.29"]
[SourceQuality "1"]

1. e4 c5 2. Nf3 e6 3. d4 cxd4 4. Nxd4 Nf6 5. Nc3 d6 6. g4 h6 7. h4 Nc6 8. Rg1 d5 9. exd5 Nxd5 10. Nxd5 Qxd5 11. Be3 Bd7 12. Bg2 Qa5+ 13. c3 Rd8 14. Nb3 Qa6 15. Nc5 Bxc5 16. Bxc5 Ne5 17. Bd4 Nd3+ 18. Kd2 Nxb2 19. Qb3 Nc4+ 20. Kc1 Na5 21. Qc2 Kf8 22. Bf1 Qd6 23. Qe2 Nc6 24. Be3 Rc8 25. Qd2 Qa3+ 26. Qb2 Qa5 27. f4 Ne7 28. Bd2 Qc5 29. Rg2 Bc6 30. Be1 Bxg2 31. Bxg2 Nd5 32. Bxd5 Qxd5 33. Qb4+ Kg8 34. Rb1 b6 35. Qa4 Qf3 36. Qxa7 Qxf4+ 37. Bd2 Rxc3+ 38. Kb2 Qxd2+ 39. Ka1 Rc1 40. Qxb6 Qc3+ 41. Qb2 Qxb2+ 42. Kxb2 Rxb1+ 43. Kxb1 Kf8 0-1

[Event "Windsor NAYCC U16-U18 Girls"]
[Site "Windsor"]
[Date "2016.08.11"]
[Round "9.19"]
[White "Samadashvili, Martha"]
[Black "Vittal, Sanjana"]
[Result "1/2-1/2"]
[WhiteElo "1791"]
[BlackElo "1643"]
[PlyCount "72"]
[EventDate "2016.08.07"]
[EventType "swiss"]
[EventRounds "9"]
[EventCountry "CAN"]
[SourceTitle "EXT 2022"]
[Source "ChessBase"]
[SourceDate "2021.10.06"]
[SourceVersion "1"]
[SourceVersionDate "2021.10.06"]
[SourceQuality "1"]

1. e4 e5 2. Nf3 Nc6 3. Bb5 a6 4. Ba4 d6 5. c3 g6 6. 0-0 Bg7 7. d4 Bd7 8. d5 Nce7 9. Bxd7+ Qxd7 10. c4 Nf6 11. Nc3 0-0 12. Qe2 h6 13. Ne1 g5 14. f3 Nh5 15. g3 Qh3 16. Nd3 Nf6 17. Be3 Qd7 18. b4 Ne8 19. Rac1 f5 20. exf5 Nxf5 21. Ne4 Nf6 22. Nxf6+ Bxf6 23. Nf2 Nxe3 24. Qxe3 c6 25. Rfd1 a5 26. a3 axb4 27. axb4 Qc7 28. Qe4 c5 29. Qg6+ Qg7 30. Qxg7+ Bxg7 31. bxc5 dxc5 32. Ne4 Rxf3 33. Nxc5 b6 34. Ne6 Bf8 35. Re1 Bd6 36. Rb1 Ra2 1/2-1/2

[Event "Windsor NAYCC U16-U18 Girls"]
[Site "Windsor"]
[Date "2016.08.09"]
[Round "4.22"]
[White "Ding, Kimberly"]
[Black "Vittal, Sanjana"]
[Result "1-0"]
[WhiteElo "1966"]
[BlackElo "1643"]
[PlyCount "72"]
[EventDate "2016.08.07"]
[EventType "swiss"]
[EventRounds "9"]
[EventCountry "CAN"]
[SourceTitle "EXT 2022"]
[Source "ChessBase"]
[SourceDate "2021.10.06"]
[SourceVersion "1"]
[SourceVersionDate "2021.10.06"]
[SourceQuality "1"]

1. e4 e5 2. Nf3 d6 3. Bc4 Be7 4. 0-0 Nf6 5. Re1 0-0 6. h3 c6 7. Bb3 Nbd7 8. c3 Re8 9. d4 h6 10. Nbd2 Bf8 11. Bc2 Qc7 12. Nf1 d5 13. exd5 Nxd5 14. Qd3 g6 15. h4 f5 16. Nxe5 Nxe5 17. dxe5 Rxe5 18. Bd2 Rxe1 19. Rxe1 Bd7 20. Bb3 Kh7 21. h5 Nf6 22. hxg6+ Kxg6 23. Ng3 Rd8 24. Qf3 Bd6 25. Bc2 Bxg3 26. fxg3 Qb6+ 27. Kh1 Qxb2 28. Rc1 Qxa2 29. Qf4 Rh8 30. c4 Qa3 31. g4 Kf7 32. Bxf5 Bxf5 33. Qxf5 Qd6 34. Rf1 Rg8 35. Bxh6 Ke8 36. g5 Qd4 1-0

[Event "Pan American-ch U16 Girls 27th"]
[Site "Montevideo"]
[Date "2016.07.28"]
[Round "6"]
[White "Roque Sola, Maria Fernanda"]
[Black "Vittal, Sanjana"]
[Result "0-1"]
[WhiteElo "1727"]
[BlackElo "1643"]
[PlyCount "64"]
[EventDate "2016.07.25"]
[EventType "swiss"]
[EventRounds "9"]
[EventCountry "URU"]
[SourceTitle "EXT 2017"]
[Source "ChessBase"]
[SourceDate "2016.10.25"]
[SourceVersion "1"]
[SourceVersionDate "2016.10.25"]
[SourceQuality "1"]

1. c4 e5 2. Nc3 Nc6 3. g3 Bc5 4. Bg2 d6 5. e3 a6 6. Nge2 Ba7 7. 0-0 Nge7 8. a3 0-0 9. b4 Be6 10. Nd5 Qd7 11. Re1 Nd8 12. Nxe7+ Qxe7 13. Qc2 Qd7 14. Bb2 f6 15. d4 c6 16. Red1 Nf7 17. c5 d5 18. dxe5 fxe5 19. Rd2 Bh3 20. f4 Rae8 21. Qc3 Bxg2 22. Kxg2 Qf5 23. Rf1 Nh6 24. h3 Re6 25. Kh2 Bb8 26. Qd3 Qh5 27. Kg2 Qe8 28. f5 e4 29. Qb3 Nxf5 30. Rxf5 Rxf5 31. Nd4 Rg5 32. Nxe6 Rxg3+ 0-1

[Event "Pan American-ch U16 Girls 27th"]
[Site "Montevideo"]
[Date "2016.07.28"]
[Round "5"]
[White "Vittal, Sanjana"]
[Black "Toro Castaneda, Elizabeth"]
[Result "1-0"]
[WhiteElo "1643"]
[BlackElo "1843"]
[PlyCount "57"]
[EventDate "2016.07.25"]
[EventType "swiss"]
[EventRounds "9"]
[EventCountry "URU"]
[SourceTitle "EXT 2017"]
[Source "ChessBase"]
[SourceDate "2016.10.25"]
[SourceVersion "1"]
[SourceVersionDate "2016.10.25"]
[SourceQuality "1"]

1. e4 c6 2. Nc3 d5 3. Nf3 dxe4 4. Nxe4 Nd7 5. Bc4 e6 6. 0-0 Ngf6 7. d3 Be7 8. Qe2 0-0 9. Bd2 Nb6 10. Bb3 Nfd5 11. c4 Nc7 12. d4 f5 13. Nc5 Bxc5 14. dxc5 Nd7 15. Rad1 Qf6 16. Bc3 Qe7 17. Be5 Nxe5 18. Qxe5 Na6 19. Qd6 Qf6 20. Ne5 Qg5 21. f4 Qh5 22. Rf3 Qe8 23. a3 Nb8 24. Ba4 h6 25. Rg3 Kh7 26. b4 b5 27. cxb5 cxb5 28. Bxb5 Qh5 29. Rh3 1-0